Critical materials and material security in the construction industry and its supply chains (Record no. 115100)
[ view plain ]
| 000 -LEADER | |
|---|---|
| fixed length control field | 01407cam a22002415a 4500 |
| 001 - CONTROL NUMBER | |
| control field | L158046 |
| 008 - FIXED-LENGTH DATA ELEMENTS--GENERAL INFORMATION | |
| fixed length control field | 130613s2013 xxk f 000 0 eng d |
| 020 ## - INTERNATIONAL STANDARD BOOK NUMBER | |
| International Standard Book Number | 9781848063532 |
| 035 ## - SYSTEM CONTROL NUMBER | |
| System control number | (Sirsi) u158046 |
| 041 0# - LANGUAGE CODE | |
| Language code of text/sound track or separate title | eng |
| 100 1# - MAIN ENTRY--PERSONAL NAME | |
| Personal name | Dunster, Andrew |
| 110 2# - MAIN ENTRY--CORPORATE NAME | |
| Corporate name or jurisdiction name as entry element | Building Research Establishment |
| 245 00 - TITLE STATEMENT | |
| Title | Critical materials and material security in the construction industry and its supply chains |
| 260 ## - PUBLICATION, DISTRIBUTION, ETC. | |
| Place of publication, distribution, etc. | Watford |
| Name of publisher, distributor, etc. | BRE |
| Date of publication, distribution, etc. | 2013 |
| 300 ## - PHYSICAL DESCRIPTION | |
| Extent | 8p. |
| Other physical details | ill. |
| Dimensions | 30cm. |
| 490 #0 - SERIES STATEMENT | |
| Series statement | BRE Information Paper |
| Volume/sequential designation | (14/13) |
| 520 ## - SUMMARY, ETC. | |
| Summary, etc. | This Information Paper summarises the main current issues of material security and materials criticality that may affect the UK construction industry. It also defines the terminology used in this subject and lists sources of further information. The Information Paper will interest procurement professionals, sustainability managers and anyone with an interest in corporate social responsibility, design, materials selection and in the management of business risks associated with procurement of materials and products. It will also interest surveyors involved in evaluating existing buildings. Production of the paper was financially supported by the BRE Trust Responsive Research Programme. |
| 521 ## - TARGET AUDIENCE NOTE | |
| Target audience note | Advanced |
| 650 24 - SUBJECT ADDED ENTRY--TOPICAL TERM | |
| Topical term or geographic name entry element | BUILT ENVIRONMENT-BUILDING MATERIALS |
| 651 #4 - SUBJECT ADDED ENTRY--GEOGRAPHIC NAME | |
| Geographic name | ENGLAND AND WALES |
| 690 ## - LOCAL SUBJECT ADDED ENTRY--TOPICAL TERM (OCLC, RLIN) | |
| Topical term or geographic name as entry element | BUILT ENVIRONMENT-BUILDING MATERIALS |
| 942 ## - ADDED ENTRY ELEMENTS (KOHA) | |
| Suppress in OPAC | 0 |
| Withdrawn status | Lost status | Source of classification or shelving scheme | Damaged status | Not for loan | Home library | Current library | Shelving location | Date acquired | Total Checkouts | Full call number | Barcode | Date last seen | Copy number | Price effective from | Koha item type |
|---|---|---|---|---|---|---|---|---|---|---|---|---|---|---|---|
| Dewey Decimal Classification | London | London | BRE publications | 19/02/2014 | BRE | 30075120 | 06/08/2019 | 1 | 06/08/2019 | Book |